[Event "CAN-ch"]
[Site "Kingston CAN"]
[Date "2022.04.18"]
[Round "9.3"]
[White "Talukdar, Rohan"]
[Black "Panjwani, Raja"]
[Result "1/2-1/2"]
[WhiteElo "2321"]
[BlackElo "2448"]
[PlyCount "163"]
[EventDate "2022.04.13"]
[EventType "swiss"]
[EventRounds "9"]
[EventCountry "CAN"]

1. e4 e5 2. Nf3 Nc6 3. Bb5 Nf6 4. d3 d6 5. O-O Bd7 6. Re1 g6 7. d4 Bg7 8. d5
Ne7 9. Bxd7+ Nxd7 10. Be3 h6 11. Nfd2 f5 12. f3 Bf6 13. Bf2 Bg5 14. c4 O-O 15.
Nc3 a5 16. c5 Nxc5 17. Bxc5 Bxd2 18. Qxd2 dxc5 19. Qxh6 Ra6 20. f4 g5 21. Qxg5+
Rg6 22. Qh5 exf4 23. Qf3 fxe4 24. Rxe4 Nxd5 25. Rd1 c6 26. Nxd5 cxd5 27. Re5 d4
28. Rxc5 Qe7 29. Qd5+ Rf7 30. Kf1 f3 31. gxf3 Qe3 32. Rc8+ Kg7 33. Qxd4+ Qxd4
34. Rxd4 Rxf3+ 35. Ke2 Rf7 36. Rd2 Rg5 37. Kd1 Rb5 38. Rg2+ Kf6 39. Rf2+ Kg7
40. Rxf7+ Kxf7 41. Rc2 Rh5 42. Rf2+ Ke6 43. Ke2 Ke5 44. Kf3 Rh8 45. Kg2 a4 46.
Rf7 b6 47. h3 Ke4 48. Rg7 Rc8 49. Rg4+ Kf5 50. Rb4 a3 51. Rb5+ Kf4 52. Rb4+ Kf5
53. bxa3 Rc2+ 54. Kg3 Rc3+ 55. Kh4 Rxa3 56. Rb5+ Kf4 57. Rb2 Ra8 58. Rb4+ Kf3
59. a4 Ra5 60. Rb3+ Kf4 61. Rb4+ Kf3 62. Rb3+ Kf4 63. Rg3 b5 64. Rg4+ Kf3 65.
Rg3+ Kf4 66. axb5 Rxb5 67. Rg8 Rf5 68. Ra8 Rf7 69. Ra4+ Kf5 70. Kg3 Kg5 71. h4+
Kh5 72. Ra5+ Kh6 73. Kg4 Rg7+ 74. Rg5 Rxg5+ 75. hxg5+ Kg6 76. Kf4 Kg7 77. Kf5
Kf7 78. g6+ Kg7 79. Kg5 Kg8 80. Kf6 Kf8 81. g7+ Kg8 82. Kg6 1/2-1/2

[Event "CAN-ch"]
[Site "Kingston CAN"]
[Date "2022.04.18"]
[Round "9.4"]
[White "Sambuev, Bator"]
[Black "Rusonik, Max"]
[Result "1-0"]
[WhiteElo "2502"]
[BlackElo "2115"]
[PlyCount "102"]
[EventDate "2022.04.13"]
[EventType "swiss"]
[EventRounds "9"]
[EventCountry "CAN"]

1. d4 Nf6 2. Nf3 d5 3. e3 e6 4. Bd3 c5 5. b3 Nc6 6. O-O cxd4 7. exd4 Bd6 8. Bb2
O-O 9. Re1 Nb4 10. Bf1 Qc7 11. c4 dxc4 12. bxc4 Be7 13. Nbd2 b6 14. Qb3 Bb7 15.
Rac1 Rad8 16. d5 Na6 17. Nd4 Bc5 18. Ne4 Bxd4 19. Bxd4 Nxe4 20. Rxe4 Nc5 21.
Bxc5 Qxc5 22. Qd1 exd5 23. Rd4 Rc8 24. h4 dxc4 25. Rcxc4 Qe5 26. Ra4 a5 27. h5
Qg5 28. f4 Qc5 29. Kh2 Qe7 30. Qg4 f5 31. Qg3 Kh8 32. Rac4 Rxc4 33. Bxc4 Qf6
34. Rd7 Be4 35. Qg5 Qxg5 36. fxg5 Rb8 37. Rd6 Bb1 38. a3 Bc2 39. Kg3 Ba4 40.
Be6 Be8 41. h6 gxh6 42. gxh6 b5 43. Bb3 f4+ 44. Kg4 b4 45. a4 Bg6 46. Kxf4 Rf8+
47. Ke5 Re8+ 48. Kd4 Re1 49. Rf6 Re8 50. Kc5 Bf5 51. Kb6 Be6 1-0

[Event "CAN-ch"]
[Site "Kingston CAN"]
[Date "2022.04.18"]
[Round "9.5"]
[White "Chen, Max"]
[Black "Dorrance, Adam"]
[Result "1/2-1/2"]
[WhiteElo "1997"]
[BlackElo "2260"]
[PlyCount "84"]
[EventDate "2022.04.13"]
[EventType "swiss"]
[EventRounds "9"]
[EventCountry "CAN"]

1. e4 c5 2. c3 Nf6 3. e5 Nd5 4. d4 cxd4 5. Nf3 e6 6. cxd4 b6 7. Nc3 Nxc3 8.
bxc3 Qc7 9. Bd2 Bb7 10. Bd3 d6 11. O-O Nd7 12. Ng5 dxe5 13. Qh5 g6 14. Qh3 Be7
15. Rae1 e4 16. Bxe4 Bxe4 17. Rxe4 Nf6 18. Rf4 Rd8 19. Qf3 h6 20. Nxe6 fxe6 21.
Rxf6 Bxf6 22. Qxf6 Kd7 23. Bf4 Qc6 24. Qf7+ Kc8 25. Qxa7 Qb7 26. Qa4 Rd5 27.
Be5 Rhd8 28. c4 Ra5 29. Qc2 Qc6 30. Qxg6 Qxc4 31. Qxh6 Kb7 32. Qg7+ Ka6 33. h4
Rxa2 34. h5 Rc8 35. g4 Qe2 36. Bg3 Rc3 37. Qe5 Qxg4 38. h6 Raa3 39. Kg2 Qf3+
40. Kg1 Qg4 41. Kg2 Qf3+ 42. Kg1 Qg4 1/2-1/2

[Event "CAN-ch"]
[Site "Kingston CAN"]
[Date "2022.04.18"]
[Round "9.6"]
[White "Thavandiran, Shiyam"]
[Black "Chiku-Ratte, Olivier-Kenta"]
[Result "0-1"]
[WhiteElo "2420"]
[BlackElo "2364"]
[PlyCount "174"]
[EventDate "2022.04.13"]
[EventType "swiss"]
[EventRounds "9"]
[EventCountry "CAN"]

1. e4 c5 2. Nf3 e6 3. d4 cxd4 4. Nxd4 Nc6 5. Nb5 d6 6. c4 Nf6 7. N5c3 Be7 8.
Be2 O-O 9. O-O b6 10. Bf4 Bb7 11. Re1 Rc8 12. a3 Ne5 13. Nd2 Nfd7 14. Bf1 Nc5
15. Qc2 Bg5 16. Bxg5 Qxg5 17. b4 Ncd7 18. Nb5 Nxc4 19. Nxc4 Qxb5 20. Qd2 Rxc4
21. Bxc4 Qxc4 22. Rac1 Qb5 23. Qxd6 Nf6 24. f3 a5 25. a4 Qxa4 26. Qxb6 Qxb4 27.
Qxb4 axb4 28. Rb1 Rd8 29. Rxb4 Bc6 30. Rc1 Be8 31. Rb2 g5 32. Kf2 Kg7 33. Ke3
Kg6 34. Rbb1 Nd7 35. Rd1 Rc8 36. Rdc1 Ra8 37. Ra1 Rxa1 38. Rxa1 Ne5 39. Kd4 f6
40. Ra6 Bf7 41. Ke3 h5 42. h3 h4 43. Kd4 Kg7 44. Rb6 Ng6 45. Ke3 Nf4 46. Kf2
Nh5 47. Ra6 Kg6 48. Ra7 Ng7 49. Rb7 f5 50. exf5+ Nxf5 51. Rb6 Kf6 52. Ra6 Be8
53. Rb6 Ba4 54. Ra6 Bb3 55. Rb6 Bd5 56. Ra6 Ng3 57. Rb6 Kf5 58. Rb5 Nh5 59. Rb8
Nf6 60. Rb5 e5 61. Ke3 Be6 62. Ra5 Nh5 63. Kf2 Nf4 64. Kg1 Bc4 65. Rc5 Bd5 66.
Kh2 Kf6 67. Ra5 Be6 68. Rb5 Nh5 69. Rb6 Ng3 70. Ra6 Kf5 71. Ra8 Kf4 72. Ra4+
Ke3 73. Rb4 Kf2 74. Rb2+ Ke3 75. Rb5 Kd4 76. Rb7 Bc4 77. Rg7 e4 78. fxe4 Nxe4
79. Kg1 Ke5 80. Ra7 Bd5 81. Ra5 Ng3 82. Kh2 Nf1+ 83. Kg1 Ne3 84. Ra4 Nxg2 85.
Rg4 Kf5 86. Rxg2 Bxg2 87. Kxg2 Ke4 0-1

[Event "CAN-ch"]
[Site "Kingston CAN"]
[Date "2022.04.18"]
[Round "9.7"]
[White "Plotkin, Mark"]
[Black "Clyde, Jordan"]
[Result "1-0"]
[WhiteElo "2354"]
[BlackElo "2088"]
[PlyCount "65"]
[EventDate "2022.04.13"]
[EventType "swiss"]
[EventRounds "9"]
[EventCountry "CAN"]

1. d4 d6 2. e4 g6 3. Nc3 Bg7 4. f4 c6 5. Nf3 d5 6. e5 h5 7. Ng5 Nh6 8. Be3 Qb6
9. Na4 Qb4+ 10. Nc3 Qb6 11. Qd2 Qxb2 12. Rb1 Qa3 13. Bd3 Qa5 14. O-O e6 15.
Nce4 Qxd2 16. Nd6+ Ke7 17. Bxd2 a5 18. Nxb7 Bxb7 19. Rxb7+ Nd7 20. Rfb1 Rhc8
21. Bc1 Ke8 22. Nxe6 fxe6 23. Bxg6+ Ke7 24. Ba3+ Kd8 25. Bd6 c5 26. dxc5 Bf8
27. f5 Bxd6 28. cxd6 Nf8 29. fxe6 Nxg6 30. e7+ Ke8 31. d7+ Kf7 32. e8=Q+ Rxe8
33. d8=Q+ 1-0

[Event "CAN-ch"]
[Site "Kingston CAN"]
[Date "2022.04.18"]
[Round "9.9"]
[White "Noritsyn, Nikolay"]
[Black "Jiang, Brian"]
[Result "1-0"]
[WhiteElo "2512"]
[BlackElo "1886"]
[PlyCount "143"]
[EventDate "2022.04.13"]
[EventType "swiss"]
[EventRounds "9"]
[EventCountry "CAN"]

1. d4 Nf6 2. Nf3 e6 3. c4 b6 4. Bf4 Bb7 5. e3 g6 6. Nc3 Bg7 7. Be2 O-O 8. O-O
d6 9. Qc2 Nbd7 10. h3 Qe7 11. Rfd1 e5 12. Bh2 Rfe8 13. c5 bxc5 14. dxc5 dxc5
15. Rac1 Rab8 16. Qa4 a6 17. Qa5 Rec8 18. Rc2 Bf8 19. Bg3 e4 20. Nd2 Ne5 21.
Bh4 Nc6 22. Qa4 Nb4 23. Rcc1 Re8 24. a3 Nd3 25. Ndxe4 Bxe4 26. Bxd3 Bxd3 27.
Rxd3 Qe6 28. Rd2 Bd6 29. Rcc2 Ne4 30. Nxe4 Qxe4 31. Qxe4 Rxe4 32. Bf6 Re6 33.
Bc3 f5 34. Kf1 Rbe8 35. g3 Kf7 36. Ba5 Rb8 37. Rc4 Re4 38. Rcc2 Rb3 39. Bc3 Ke6
40. Ke2 g5 41. f3 Ra4 42. g4 fxg4 43. hxg4 h5 44. gxh5 Rh4 45. Kd3 c4+ 46. Ke2
Rh2+ 47. Kf1 Rxh5 48. Rg2 Rh1+ 49. Kf2 Rh2 50. Rxh2 Bxh2 51. f4 gxf4 52. Kf3
Bg3 53. Kg4 Rb8 54. exf4 Rg8+ 55. Kf3 Bh4 56. Rh2 Be7 57. Rh6+ Kd5 58. Rxa6 Bd6
59. Ra5+ c5 60. f5 Rg3+ 61. Kf2 Ke4 62. f6 Rf3+ 63. Ke2 Re3+ 64. Kd2 Rd3+ 65.
Kc2 Rf3 66. a4 Rf2+ 67. Kb1 Be5 68. Bxe5 Kxe5 69. Rxc5+ Kd4 70. Rc6 Kd5 71. Rb6
Rf1+ 72. Kc2 1-0

[Event "CAN-ch"]
[Site "Kingston CAN"]
[Date "2022.04.18"]
[Round "9.10"]
[White "Plotkin, Victor"]
[Black "Abrahams, Daniel"]
[Result "0-1"]
[WhiteElo "2278"]
[BlackElo "2163"]
[PlyCount "110"]
[EventDate "2022.04.13"]
[EventType "swiss"]
[EventRounds "9"]
[EventCountry "CAN"]

1. Nf3 e6 2. c4 Nf6 3. Nc3 c5 4. g3 b6 5. Bg2 Bb7 6. O-O Be7 7. Qc2 d6 8. a3
Nbd7 9. d3 O-O 10. e4 Qc7 11. Bf4 a6 12. Rfe1 Bc6 13. Nd5 Bxd5 14. exd5 e5 15.
Bd2 Rfe8 16. Ng5 Bf8 17. Bc3 Rab8 18. f4 exf4 19. gxf4 b5 20. Qf2 bxc4 21. dxc4
Qb6 22. Rxe8 Rxe8 23. Re1 Rxe1+ 24. Qxe1 Qb3 25. Qe2 Qa2 26. Bf1 Qb1 27. Qd3
Qc1 28. Qd2 Qb1 29. Qd3 Qc1 30. Qd2 Qb1 31. Kg2 Qf5 32. Bd3 Qg4+ 33. Kf2 h6 34.
Nf3 Nh5 35. Bf1 Be7 36. Qe3 Bh4+ 37. Ke2 Nxf4+ 38. Kd2 Bf6 39. Bxf6 Nxf6 40.
Kc2 Qf5+ 41. Kb3 g5 42. Nd2 Ng4 43. Qe8+ Kg7 44. Ne4 Nxd5 45. Nxd6 Qxf1 46.
cxd5 Qd1+ 47. Kc3 Qd4+ 48. Kc2 Qxd5 49. Qe7 Nf6 50. h3 h5 51. a4 g4 52. hxg4
hxg4 53. Qd8 Kg6 54. Qc7 Ne4 55. Nc8 Qc4+ 0-1

[Event "CAN-ch"]
[Site "Kingston CAN"]
[Date "2022.04.18"]
[Round "9.11"]
[White "MacKinnon, Keith"]
[Black "Barron, Michael"]
[Result "1-0"]
[WhiteElo "2198"]
[BlackElo "2108"]
[PlyCount "51"]
[EventDate "2022.04.13"]
[EventType "swiss"]
[EventRounds "9"]
[EventCountry "CAN"]

1. c4 f5 2. Nc3 Nf6 3. d4 d6 4. Bg5 Nbd7 5. Qc2 g6 6. h4 Bg7 7. O-O-O O-O 8.
Nh3 e5 9. dxe5 dxe5 10. e4 h6 11. exf5 hxg5 12. hxg5 gxf5 13. c5 Nh7 14. Kb1
Nxg5 15. Nxg5 Qxg5 16. Bc4+ Rf7 17. Nd5 Nf8 18. Nxc7 Rb8 19. Qb3 Qe7 20. Nd5
Qxc5 21. Nf6+ Bxf6 22. Bxf7+ Kg7 23. Bg8 Qe7 24. Qg3+ Ng6 25. Rh7+ Kxg8 26.
Qxg6+ 1-0

[Event "CAN-ch"]
[Site "Kingston CAN"]
[Date "2022.04.18"]
[Round "9.12"]
[White "Han, Johnathan"]
[Black "Zheng, Richard"]
[Result "0-1"]
[WhiteElo "2009"]
[BlackElo "2036"]
[PlyCount "86"]
[EventDate "2022.04.13"]
[EventType "swiss"]
[EventRounds "9"]
[EventCountry "CAN"]

1. e4 c6 2. d4 d5 3. Nd2 dxe4 4. Nxe4 Nd7 5. Ng5 Ngf6 6. Bc4 e6 7. Qe2 Nb6 8.
Bd3 h6 9. N5f3 Qd5 10. a3 Qh5 11. c4 c5 12. dxc5 Qxc5 13. b4 Qc7 14. Bb2 a5 15.
c5 Nbd7 16. Bb5 axb4 17. axb4 Rxa1+ 18. Bxa1 Qf4 19. Qd2 Qe4+ 20. Ne2 Qb1+ 21.
Qc1 Qxb4+ 22. Nc3 Qxc5 23. O-O Be7 24. Na4 Qxb5 25. Qxc8+ Bd8 26. Nc3 Qc6 27.
Qxc6 bxc6 28. Rc1 O-O 29. g3 Be7 30. Ne2 c5 31. Ne5 Nxe5 32. Bxe5 Nd5 33. Kg2
f6 34. Ba1 Kf7 35. h4 h5 36. Kf3 Ra8 37. Rb1 Ra3+ 38. Kg2 e5 39. Rd1 Ke6 40.
Bb2 Ra2 41. Rb1 c4 42. Nc1 Ra6 43. Ne2 Rb6 0-1

[Event "CAN-ch Seniors"]
[Site "Halifax CAN"]
[Date "2022.07.29"]
[Round "1"]
[White "Cummings, David"]
[Black "Catona, Dan"]
[Result "1-0"]
[WhiteElo "2396"]
[BlackElo "1819"]
[PlyCount "37"]
[EventDate "2022.07.29"]
[EventType "swiss"]
[EventRounds "6"]
[EventCountry "CAN"]

1. c4 e6 2. Nc3 d5 3. e3 Nf6 4. Nf3 Be7 5. b3 O-O 6. Bb2 c5 7. cxd5 exd5 8. d4
Nc6 9. Be2 Bf5 10. O-O Rc8 11. Rc1 cxd4 12. Nxd4 Nxd4 13. Qxd4 Bc5 14. Qf4 Qd7
15. Rfd1 Bd6 16. Qd4 Bc5 17. Qa4 Qc6 18. Qb5 Qxb5 19. Na4 1-0

[Event "CAN-ch Seniors"]
[Site "Halifax CAN"]
[Date "2022.07.29"]
[Round "1"]
[White "Finlay, Ian"]
[Black "Hebert, Jean"]
[Result "0-1"]
[WhiteElo "1830"]
[BlackElo "2411"]
[PlyCount "67"]
[EventDate "2022.07.29"]
[EventType "swiss"]
[EventRounds "6"]
[EventCountry "CAN"]

1. e4 c5 2. Nf3 e6 3. d3 Nc6 4. g3 d5 5. Nbd2 Nf6 6. Bg2 Be7 7. O-O b6 8. Re1
Bb7 9. e5 Nd7 10. Nf1 g5 11. g4 h5 12. h3 hxg4 13. hxg4 Qc7 14. Qe2 O-O-O 15.
Ng3 Rdg8 16. c3 Ba6 17. c4 dxc4 18. dxc4 Bb7 19. b3 Rh4 20. Nxh4 gxh4 21. Bb2
hxg3 22. f4 Rh8 23. Rad1 Rh2 24. Qe3 Nd4 25. Rd2 Rxg2+ 26. Rxg2 Qc6 27. Rxg3
Qh1+ 28. Kf2 Qh2+ 29. Kf1 Qxb2 30. Rd1 Bh4 31. Rg1 Qxa2 32. Rxd4 cxd4 33. Qxd4
Qxb3 34. Rh1 0-1

[Event "CAN-ch Seniors"]
[Site "Halifax CAN"]
[Date "2022.07.30"]
[Round "2"]
[White "Farrell, John"]
[Black "Cummings, David"]
[Result "0-1"]
[WhiteElo "2069"]
[BlackElo "2396"]
[PlyCount "76"]
[EventDate "2022.07.29"]
[EventType "swiss"]
[EventRounds "6"]
[EventCountry "CAN"]

1. c4 e6 2. Nf3 d5 3. d4 Nf6 4. Nc3 c6 5. Bg5 Nbd7 6. e3 Qa5 7. Qa4 Qxa4 8.
Nxa4 dxc4 9. Bxf6 gxf6 10. Nc3 b5 11. a4 Bb4 12. Nd2 Bb7 13. axb5 Bxc3 14. bxc3
cxb5 15. Rb1 Bc6 16. f3 Nb6 17. Ne4 Ke7 18. Nc5 a5 19. Be2 Rhc8 20. Kd2 b4 21.
cxb4 axb4 22. Rhc1 Ra2+ 23. Rc2 b3 24. Rxa2 bxa2 25. Ra1 Ra8 26. Ne4 Bxe4 27.
fxe4 Ra3 28. Bf3 Kd6 29. Kc2 Na4 30. Bd1 c3 31. Bh5 Nb6 32. Kd3 Ke7 33. Bd1 f5
34. exf5 exf5 35. Bf3 Kd6 36. Bh5 Nd5 37. Bxf7 Nb4+ 38. Ke2 c2 0-1

[Event "CAN-ch Seniors"]
[Site "Halifax CAN"]
[Date "2022.07.30"]
[Round "2"]
[White "Hebert, Jean"]
[Black "Fradkin, Benjamin"]
[Result "1-0"]
[WhiteElo "2411"]
[BlackElo "2047"]
[PlyCount "81"]
[EventDate "2022.07.29"]
[EventType "swiss"]
[EventRounds "6"]
[EventCountry "CAN"]

1. Nf3 d5 2. g3 g6 3. Bg2 Bg7 4. d4 Nf6 5. O-O O-O 6. c4 c6 7. Ne5 Be6 8. cxd5
Bxd5 9. Nc3 Bxg2 10. Kxg2 Nbd7 11. Nf3 Nd5 12. Qb3 Nxc3 13. bxc3 Qb6 14. Qc2 e5
15. Rb1 Qa6 16. Re1 Rfe8 17. e4 Nb6 18. Qb3 Rad8 19. Be3 Qa4 20. dxe5 Qxb3 21.
Rxb3 Bxe5 22. Bxb6 axb6 23. Rb4 b5 24. Rxb5 Bxc3 25. Rb6 Bd4 26. Rc1 Rxe4 27.
Rxb7 c5 28. Rxc5 Re2 29. Nxd4 Rd5 30. Rc6 Rxd4 31. Rc8+ Kg7 32. Rcc7 Rdd2 33.
Rxf7+ Kg8 34. Rg7+ Kf8 35. Rbf7+ Ke8 36. Rxh7 Rxa2 37. h4 Red2 38. Rf6 Rab2 39.
Rg7 Rd1 40. Rfxg6 Kd8 41. Ra6 1-0

[Event "CAN-ch Seniors"]
[Site "Halifax CAN"]
[Date "2022.07.30"]
[Round "3"]
[White "Bluvshtein, Ilia"]
[Black "Hebert, Jean"]
[Result "0-1"]
[WhiteElo "2148"]
[BlackElo "2411"]
[PlyCount "64"]
[EventDate "2022.07.29"]
[EventType "swiss"]
[EventRounds "6"]
[EventCountry "CAN"]

1. e4 c5 2. Nf3 Nc6 3. d4 cxd4 4. Nxd4 e5 5. Nb5 d6 6. N1c3 a6 7. Na3 Be6 8.
Nd5 Nf6 9. Bg5 Bxd5 10. Bxf6 Qa5+ 11. c3 Bxe4 12. Nc4 Qc7 13. Bxg7 Nd4 14. cxd4
Bxg7 15. dxe5 O-O 16. Bd3 dxe5 17. Bxe4 Qxc4 18. Qe2 Qb4+ 19. Kf1 f5 20. Bd5+
Kh8 21. a3 Qb6 22. g4 Rad8 23. Bc4 fxg4 24. Rg1 e4 25. Rg2 Qxb2 26. Qxb2 Bxb2
27. Ra2 Rd2 28. Ke1 e3 29. Rxg4 Rdxf2 30. Re4 b5 31. Be2 Rxh2 32. Rxe3 Rh1+ 0-1

[Event "CAN-ch Seniors"]
[Site "Halifax CAN"]
[Date "2022.07.30"]
[Round "3"]
[White "Cummings, David"]
[Black "Malakhovets, Sergey"]
[Result "1-0"]
[WhiteElo "2396"]
[BlackElo "2192"]
[PlyCount "91"]
[EventDate "2022.07.29"]
[EventType "swiss"]
[EventRounds "6"]
[EventCountry "CAN"]

1. c4 c6 2. d4 d5 3. cxd5 cxd5 4. Bf4 Nc6 5. e3 Nf6 6. Nc3 a6 7. Be2 Bf5 8. Nf3
e6 9. Qb3 Bd6 10. Bxd6 Qxd6 11. Qxb7 O-O 12. Qb3 Rfb8 13. Qa3 Nb4 14. O-O Qd8
15. Ne1 h5 16. Qa4 a5 17. Qd1 h4 18. f3 Qe7 19. Rf2 e5 20. a3 Nc6 21. Bb5 exd4
22. exd4 Qd6 23. Qd2 Bg6 24. Rd1 Ne7 25. Nd3 h3 26. g3 Bxd3 27. Bxd3 Nc6 28.
Bf5 g6 29. Bxh3 Kg7 30. Bf1 Rh8 31. Nb5 Qd7 32. Qf4 Nd8 33. Qc7 Ne6 34. Qxd7
Nxd7 35. Rc2 Rac8 36. Rdc1 Rxc2 37. Rxc2 Nf6 38. Bg2 Rb8 39. a4 Nd7 40. f4 Nb6
41. b3 Kf8 42. Kf2 Ke7 43. Ke3 f5 44. Rc6 Nf8 45. Kd3 Ne6 46. h4 1-0

[Event "CAN-ch Seniors"]
[Site "Halifax CAN"]
[Date "2022.07.30"]
[Round "3"]
[White "Gilks, James"]
[Black "Farrell, John"]
[Result "1-0"]
[WhiteElo "1805"]
[BlackElo "2069"]
[PlyCount "73"]
[EventDate "2022.07.29"]
[EventType "swiss"]
[EventRounds "6"]
[EventCountry "CAN"]

1. d4 d5 2. c4 dxc4 3. e4 e5 4. d5 Nf6 5. Nc3 Bd6 6. Bxc4 h6 7. h3 c6 8. Qc2
O-O 9. Nge2 b5 10. Bb3 Bb7 11. dxc6 Bxc6 12. Ng3 Na6 13. O-O Rc8 14. Qe2 Qb6
15. Nf5 Rfd8 16. Qf3 b4 17. Qg3 Nh5 18. Qg6 Be8 19. Bxf7+ Kh8 20. Nd5 Bxf7 21.
Qxf7 Qc6 22. Qxh5 Bf8 23. Nde7 Bxe7 24. Nxe7 Qf6 25. Nxc8 Rxc8 26. Qf5 Qxf5 27.
exf5 Rc2 28. Re1 Nc5 29. Rxe5 Nd3 30. Re8+ Kh7 31. Be3 Rxb2 32. Re7 Kg8 33. Bd4
Rc2 34. Rxg7+ Kf8 35. Rxa7 Ke8 36. Rd1 Nc1 37. Bf6 1-0

[Event "CAN-ch Seniors"]
[Site "Halifax CAN"]
[Date "2022.07.31"]
[Round "4"]
[White "Campbell, Brett"]
[Black "Cummings, David"]
[Result "1/2-1/2"]
[WhiteElo "2059"]
[BlackElo "2396"]
[PlyCount "141"]
[EventDate "2022.07.29"]
[EventType "swiss"]
[EventRounds "6"]
[EventCountry "CAN"]

1. Nf3 d5 2. d4 Nf6 3. c4 e6 4. Nc3 c6 5. cxd5 exd5 6. Bg5 Nbd7 7. e3 h6 8. Bh4
g5 9. Bg3 Nh5 10. Bd3 Nxg3 11. hxg3 Bg7 12. b4 Qe7 13. Qb3 g4 14. Nh4 Bxd4 15.
Nf5 Bxc3+ 16. Qxc3 Qe5 17. Kd2 Qxc3+ 18. Kxc3 Nf6 19. Nxh6 Ke7 20. Nf5+ Bxf5
21. Bxf5 Rxh1 22. Rxh1 a5 23. a4 axb4+ 24. Kxb4 b6 25. Rh4 Rg8 26. a5 bxa5+ 27.
Kxa5 Rg5 28. Bd3 d4+ 29. Kb4 dxe3 30. fxe3 Nd5+ 31. Kc4 Nxe3+ 32. Kd4 Nxg2 33.
Rh1 c5+ 34. Ke4 f5+ 35. Ke5 f4+ 36. Ke4 fxg3 37. Rg1 Nh4 38. Rxg3 Ng6 39. Ke3
Ne5 40. Be2 Kf6 41. Ke4 c4 42. Ra3 g3 43. Ra6+ Ke7 44. Bf1 Nd3 45. Kd4 Rg4+ 46.
Kc3 Ne5 47. Bg2 Rf4 48. Bd5 Rf6 49. Ra1 Kd6 50. Ba8 Rf4 51. Ra6+ Kc7 52. Re6
Ng4 53. Rg6 Kd7 54. Bd5 Ne3 55. Be6+ Ke7 56. Rxg3 Nd1+ 57. Kc2 Kxe6 58. Kxd1
Kd5 59. Kc2 Kd4 60. Rh3 Rf2+ 61. Kc1 Kc5 62. Kb1 Kb4 63. Kc1 Ra2 64. Kb1 Rd2
65. Kc1 Re2 66. Kb1 c3 67. Rh8 c2+ 68. Kc1 Kc3 69. Rc8+ Kd4 70. Rxc2 Rxc2+ 71.
Kxc2 1/2-1/2

[Event "CAN-ch Seniors"]
[Site "Halifax CAN"]
[Date "2022.08.01"]
[Round "5"]
[White "Barron, Michael"]
[Black "Campbell, Brett"]
[Result "1-0"]
[WhiteElo "2242"]
[BlackElo "2059"]
[PlyCount "115"]
[EventDate "2022.07.29"]
[EventType "swiss"]
[EventRounds "6"]
[EventCountry "CAN"]

1. e4 e5 2. Nf3 Nc6 3. Bb5 Nge7 4. d4 Nxd4 5. Nxd4 exd4 6. Qxd4 Nc6 7. Bxc6
bxc6 8. Nc3 d6 9. Bf4 Be6 10. O-O-O f6 11. Rhe1 Be7 12. Qa4 Qd7 13. Ne2 O-O 14.
Nd4 c5 15. Qxd7 Bxd7 16. Nf5 Rfe8 17. c4 Bc6 18. f3 Rab8 19. Ne3 Rb4 20. b3 a5
21. Nd5 Rb7 22. Rd3 Kf7 23. a4 Reb8 24. Kc2 Re8 25. Bd2 Ra7 26. Rde3 Bf8 27. f4
Bxd5 28. cxd5 c6 29. dxc6 Rc8 30. e5 dxe5 31. fxe5 Rxc6 32. e6+ Ke8 33. Bxa5
Rxa5 34. e7 Rc7 35. exf8=Q+ Kxf8 36. Rc3 Re7 37. Rxe7 Kxe7 38. Kd3 f5 39. Kc4
Kf6 40. Kd5 Ra8 41. Kxc5 Rd8 42. h4 f4 43. Rf3 Kf5 44. g3 Kg4 45. Rxf4+ Kxg3
46. Re4 h5 47. a5 g5 48. hxg5 h4 49. b4 h3 50. Re3+ Kg2 51. a6 h2 52. Re2+ Kh1
53. Rxh2+ Kxh2 54. a7 Rg8 55. g6 Kg3 56. b5 Kf4 57. b6 Rc8+ 58. Kb5 1-0

[Event "CAN-ch Seniors"]
[Site "Halifax CAN"]
[Date "2022.08.01"]
[Round "5"]
[White "Piasetski, Leon"]
[Black "Hebert, Jean"]
[Result "1/2-1/2"]
[WhiteElo "2376"]
[BlackElo "2411"]
[PlyCount "68"]
[EventDate "2022.07.29"]
[EventType "swiss"]
[EventRounds "6"]
[EventCountry "CAN"]

1. Nf3 d5 2. d4 Nf6 3. c4 c6 4. Qd3 g6 5. Nbd2 Bg7 6. g3 O-O 7. Bg2 Na6 8. O-O
Nb4 9. Qb3 a5 10. a3 dxc4 11. Nxc4 Nbd5 12. Nce5 a4 13. Qd1 Qb6 14. Re1 Ne4 15.
Qc2 f5 16. Rd1 Be6 17. e3 Ndf6 18. Bf1 Bd5 19. Bc4 Rfd8 20. Bd2 Nxd2 21. Nxd2
e6 22. Nd3 Nd7 23. Rab1 Qc7 24. b4 axb3 25. Rxb3 Bf8 26. Rdb1 b6 27. Bxd5 exd5
28. Nb4 Bxb4 29. axb4 Qd6 30. Rc3 Rac8 31. Qa2 c5 32. bxc5 bxc5 33. dxc5 Rxc5
34. Rxc5 Nxc5 1/2-1/2

[Event "CAN-ch Seniors"]
[Site "Halifax CAN"]
[Date "2022.08.01"]
[Round "6"]
[White "Cummings, David"]
[Black "Barron, Michael"]
[Result "1/2-1/2"]
[WhiteElo "2396"]
[BlackElo "2242"]
[PlyCount "67"]
[EventDate "2022.07.29"]
[EventType "swiss"]
[EventRounds "6"]
[EventCountry "CAN"]

1. e4 e5 2. Nf3 Nc6 3. Bb5 a6 4. Ba4 Nf6 5. O-O Be7 6. Re1 b5 7. Bb3 O-O 8. h3
d6 9. c3 Na5 10. Bc2 c5 11. d4 Qc7 12. Nbd2 Bb7 13. d5 g6 14. b3 Bc8 15. Nf1
Nh5 16. g4 Nf4 17. Bxf4 exf4 18. Qd2 Bf6 19. e5 dxe5 20. d6 Qd8 21. Nxe5 Bb7
22. Rad1 Nc6 23. Nxc6 Bxc6 24. Qxf4 Bxc3 25. Re7 Qa5 26. Bb1 Qb4 27. Qxb4 Bxb4
28. Be4 Bxe4 29. Rxe4 Rfd8 30. Ne3 Ra7 31. Re7 Rad7 32. Rxd7 Rxd7 33. Nd5 Kg7
34. Nxb4 1/2-1/2

[Event "CAN-ch U1600"]
[Site "Kingston CAN"]
[Date "2022.04.13"]
[Round "1.61"]
[White "Mourgelas, James"]
[Black "Gillanders, Robert"]
[Result "0-1"]
[WhiteElo "1329"]
[BlackElo "1599"]
[PlyCount "172"]
[EventDate "2022.04.13"]
[EventType "swiss"]
[EventRounds "9"]
[EventCountry "CAN"]

1. e4 e6 2. d3 c5 3. Nf3 Nc6 4. g3 d6 5. Bg2 Qc7 6. O-O a6 7. c3 e5 8. Na3 Nf6
9. Nc2 h6 10. Ne3 Be6 11. Bd2 O-O-O 12. a4 d5 13. exd5 Nxd5 14. Nxd5 Bxd5 15.
Qc2 g5 16. Rfb1 Be6 17. b4 c4 18. Bf1 Bf5 19. b5 Na5 20. bxa6 bxa6 21. Be3 Bc5
22. Ne1 Bxe3 23. fxe3 cxd3 24. Bxd3 Rxd3 25. Nxd3 Rd8 26. Qg2 Bxd3 27. Rb4 Nc6
28. Rb2 f5 29. Qf2 Be4 30. Rc1 Rd3 31. Qe2 g4 32. Qe1 Qa7 33. Re2 Na5 34. c4
Qc5 35. Rc3 Nc6 36. Rxd3 Bxd3 37. Rf2 Qxc4 38. Qa1 Kc7 39. Qa3 Be4 40. Qa1 Qc5
41. Qe1 Nb4 42. Qd2 Nd3 43. Rf1 Kd6 44. Qe2 Ke6 45. Qa2+ Kf6 46. Qe2 Kg5 47.
Qd2 Qb6 48. Qe2 Qb2 49. Qxb2 Nxb2 50. a5 Bd3 51. Rc1 e4 52. Kf2 Bb5 53. Rc8 Nc4
54. Rg8+ Kf6 55. Rh8 Kg7 56. Rc8 Nxa5 57. Ke1 Nc4 58. Kf2 Ne5 59. Rc2 Nf3 60.
Rc7+ Kf6 61. Kg2 Ke6 62. Rh7 Ke5 63. Rxh6 Ne1+ 64. Kf2 Nd3+ 65. Kg1 Nb4 66. Kf2
Nd5 67. Rh8 a5 68. Rb8 Bd7 69. Rb1 a4 70. Ra1 Kd6 71. Rc1 Nb4 72. Ra1 Kc5 73.
Ke2 Bb5+ 74. Kd2 Nc6 75. Kc3 Ne5 76. Rh1 Nc4 77. Re1 Bd7 78. Re2 Be6 79. Re1 a3
80. Ra1 Nxe3 81. Rxa3 Nf1 82. Ra5+ Kb6 83. Kb4 Nxh2 84. Rb5+ Kc6 85. Rc5+ Kd6
86. Rc3 Nf1 0-1

[Event "CAN-ch U1600"]
[Site "Kingston CAN"]
[Date "2022.04.13"]
[Round "1.62"]
[White "Beardall, Ben"]
[Black "Mullur, Neerav"]
[Result "0-1"]
[WhiteElo "1580"]
[BlackElo "1312"]
[PlyCount "52"]
[EventDate "2022.04.13"]
[EventType "swiss"]
[EventRounds "9"]
[EventCountry "CAN"]

1. e4 e5 2. Nf3 Nc6 3. Bc4 Bc5 4. b4 Bxb4 5. c3 Bd6 6. d4 Nf6 7. O-O O-O 8. Re1
Qe8 9. Bg5 Be7 10. Nxe5 Na5 11. Bf1 Nxe4 12. Bxe7 Qxe7 13. f3 Ng5 14. Nc4 Qf6
15. Nxa5 Qg6 16. Bd3 Nh3+ 17. Kf1 Qg5 18. Re5 Qh4 19. gxh3 d6 20. Re3 Bxh3+ 21.
Ke2 Rfe8 22. Qg1 Rxe3+ 23. Qxe3 Bd7 24. Qf2 Re8+ 25. Kd1 Qxf2 26. Be4 d5 0-1

[Event "CAN-ch U1600"]
[Site "Kingston CAN"]
[Date "2022.04.13"]
[Round "1.63"]
[White "Sztuka, Jeremy"]
[Black "Dickson, Raymond"]
[Result "0-1"]
[WhiteElo "1304"]
[BlackElo "1561"]
[PlyCount "74"]
[EventDate "2022.04.13"]
[EventType "swiss"]
[EventRounds "9"]
[EventCountry "CAN"]

1. b3 d5 2. Bb2 e6 3. e3 f5 4. Nf3 Nf6 5. c4 Bd6 6. cxd5 exd5 7. Be2 O-O 8. O-O
Nbd7 9. Nd4 Ne5 10. f4 Ng6 11. Nc3 c6 12. Bd3 Ne4 13. Rc1 Qe7 14. Nxe4 dxe4 15.
Bc4+ Kh8 16. Qh5 Bd7 17. g4 fxg4 18. f5 Ne5 19. Ne6 Be8 20. f6 Bxh5 21. fxe7
Rxf1+ 22. Rxf1 Nxc4 23. Bxg7+ Kg8 24. bxc4 Bxe7 25. Bc3 Bf7 26. Nd4 Bxc4 27.
Rf4 Bd5 28. Rxg4+ Kf7 29. Nf5 Bf8 30. Rf4 Ke6 31. Nd4+ Kd7 32. Rh4 h6 33. Nf5
Ke6 34. Nd4+ Kd7 35. Nf5 Be7 36. Rxh6 Rg8+ 37. Kh1 Rf8 {time} 0-1